Descriptive Geometry (Record no. 543915)

000 -LEADER
fixed length control field 00389nam a22001457a 4500
082 ## - DEWEY DECIMAL CLASSIFICATION NUMBER
Classification number 516.6
Author Mark SLA
-- L-2, P-9
100 ## - MAIN ENTRY--PERSONAL NAME
Personal name Steve M. Slaby
9 (RLIN) 39418
245 ## - TITLE STATEMENT
Title Descriptive Geometry
Statement of responsibility, etc. M. Slaby, Steve
250 ## - EDITION STATEMENT
Edition statement 2nd ed
260 ## - PUBLICATION, DISTRIBUTION, ETC.
Place of publication, distribution, etc. New York
Name of publisher, distributor, etc. Branes & Noble, Inc
Date of publication, distribution, etc. 1957
300 ## - PHYSICAL DESCRIPTION
Extent i-xiii, 353p:
526 ## - STUDY PROGRAM INFORMATION NOTE
Program name 0
Interest level 0
Reading level 0
Title point value 516_600000000000000_SLA
650 ## - SUBJECT ADDED ENTRY--TOPICAL TERM
Topical term or geographic name entry element MCE
9 (RLIN) 379
942 ## - ADDED ENTRY ELEMENTS (KOHA)
Source of classification or shelving scheme
Koha item type Book
Holdings
Withdrawn status Lost status Source of classification or shelving scheme Damaged status Not for loan Permanent Location Current Location Date acquired Total Checkouts Full call number Barcode Date last seen Price effective from Koha item type
          Military College of Engineering (MCE) Military College of Engineering (MCE) 04/07/2014   516.6 SLA MCE-1787 02/21/2018 04/07/2014 Book
© 2023 Central Library, National University of Sciences and Technology. All Rights Reserved.